Quite Presidential Quiz Stats

 Plays Quiz Updated Dec 9, 2018

Support Sporcle.
Go Orange.
Score 0/23 Timer 06:00
0 Plays Today
Hint Answer % Correct
Singer known for his album 'Thriller'Michael Jackson
84.8%
Known as the father of modern assembly lineHenry Ford
80.3%
Actress and model who was married to Joe DiMaggio and Arthur MillerMarilyn Monroe
71.2%
Guitar player for the Beatles and Traveling WilburysGeorge Harrison
67.1%
Academy Award winner for Best Supporting Actor for GloryDenzel Washington
62.7%
NBA team who drafted LeBron JamesCleveland Cavaliers
60.9%
British actor known for 'Four Weddings and a Funeral'Hugh Grant
60.4%
Highest mountain peak in North AmericaMount McKinley
59.9%
Portrayed the secret agent James Bond in GoldenEyePierce Brosnan
59.4%
Ex-figure skater who conspired to attack Nancy Kerrigan in 1994Tonya Harding
57.9%
Actress who married and divorced Richard Burton...twiceElizabeth Taylor
55.9%
Maker of the Band-Aid Brand line of bandages and Tylenol medicationsJohnson & Johnson
52.4%
Hint Answer % Correct
Singer known for his hit 'Summer of 69'Bryan Adams
51.2%
Author of Sherlock HolmesSir Arthur Conan Doyle
49%
New York Rangers arenaMadison Square Garden
47.2%
Toy consisting of round, notched, miniature, wood piecesLincoln Logs
46.1%
Founding member of The Beach BoysBrian Wilson
44.8%
1998 Jim Carrey movie directed by Peter WeirThe Truman Show
40.5%
Rock band known for their hit 'Somebody to Love' and 'White Rabbit'Jefferson Airplane
40.2%
Co-founder of Fight Club with the NarratorTyler Durden
32.8%
English singer-songwriter who sang 'Running Up That Hill'Kate Bush
10.8%
1999 NBA Rookie of the yearVince Carter
8.7%
Original host on CNN's CrossfirePat Buchanan
5%

From the Vault

Major Sports Winningest Coaches

by Hejman

Sports 8m
These guys sure had a passion for yelling at sports officials.
Remove Ads.
Support Sporcle.
Get the best of Sporcle when you Go Orange. This ad-free experience offers more features, more stats, and more fun while also helping to support Sporcle. Thank you for becoming a member.

Show Comments

Extras

Top Quizzes Today


Score Distribution

Your Account Isn't Verified!

In order to create a playlist on Sporcle, you need to verify the email address you used during registration. Go to your Sporcle Settings to finish the process.

Report this User

Report this user for behavior that violates our Community Guidelines.

Details: